000 01041nam a22003137a 4500
003 CHAP
005 20220329133735.0
008 971013s1978 r 00010 d
010 _a10165
011 _a11137
035 _a10375
040 _cCHAP
090 _aTesis
100 0 0 _aDabdoub Marcos, Jesús Armando.
_930857
245 _aRendimiento en canal de marranas adultas de desecho
260 _a(Monterrey, N.L.) :
_bEl autor,
_c1978
300 _a39 h.
_b: ilus. ; gráfs
502 _aTesis (Ing. Agr. Zootecnista) -- ITESM. División de Ciencias Agropecuarias y Marítimas
590 _aALEPH
_b10
_c20130110
_lUCH01
_h1226
590 _aBATCH-UPD
_b10
_c20130110
_lUCH01
_h0201
590 _aBATCH-UPD
_b10
_c20130110
_lUCH01
_h2217
590 _aBATCH-UPD
_b10
_c20130410
_lUCH01
_h1517
590 _aBATCH-UPD
_b10
_c20130914
_lUCH01
_h0849
590 _aCONVERSION
_b10
_c20130109
_lUCH01
_h1306
650 1 4 _aCarne de puerco en canal.
_919188
901 _aBK
942 _cTESIS
949 _bBC
_cTES
_d-21893
_eTS1
_hc.1
_i10375
_si
999 _c10165
_d10165